Vplyv COVID-19 na zambijskú ekonomiku a nové výzvy pre obnovu

Dôsledky COVID-19 na zambijskú ekonomiku.

Salvato in:
Dettagli Bibliografici
Autore principale: Čerňák, Jozef, 1963-
Natura: Capitolo di libro
Lingua:slovacco
Soggetti:
Tags: Aggiungi Tag
Nessun Tag, puoi essere il primo ad aggiungerne!!

MARC

LEADER 00000naa$a2200000$$$4500
001 0290336
005 20240502074447.6
041 0 |a slo 
044 |a SK 
245 1 0 |a Vplyv COVID-19 na zambijskú ekonomiku a nové výzvy pre obnovu  |c Jozef Čerňák 
520 |a Dôsledky COVID-19 na zambijskú ekonomiku. 
610 2 0 |a pandémia 
610 2 0 |a Zambia 
610 2 0 |a hospodárenie finančné 
610 2 0 |a mikroekonomika 
610 2 0 |a ruch cestovný 
610 2 0 |a baníctvo 
100 1 |a Čerňák, Jozef, 1963-